000
00316pab a2200121 454500
008
180718b xxu||||| |||| 00| 0 eng d
100
_a
Sharma S.P.
245
_a
Judicial economy: cost cats the claim
362
_a
12 Aug 1994, p.11
650
_a
Justice, Administration of
773
_a
Hindustan Times
909
_a
27405
999
_c
27405
_d
27405